000 00320nam a2200133Ia 4500
008 240624s9999 xx 000 0 und d
041 _aeng
082 _a920 PHI
100 _aPHILLIPSON N T
245 _aADAM SMITH AN ENLIGHTENED LIFE
260 _c2011
_aNew York
_bPenguin Books
300 _a368 : p.
365 _cRS
999 _c18362
_d18362